000 01143nam a2200313Ia 4500
003 CO-BoRNBP
005 20230519163615.0
007 ta
008 200115s9999 xx 000 0 und d
020 _a9789563650471
040 _aCO-BoRNBP
_bspa
_erda
_cCO-BoRNBP
041 _aspa
084 _aC GUT1
100 1 _aGutiérrez, Constanza
_92237
245 0 _aTerriers /
_c Constanza Gutiérrez
250 _aPrimera edición
264 1 _aSantiago :
_b Hueders
_c2019
300 _a98 páginas ;
_c 20 cm
336 _atexto
_btxt
_2rdacontent
337 _asin mediación
_bn
_2rdamedia
338 _avolumen
_bnc
_2rdacarrier
500 _aRecomendado para público adulto \ Incluye datos biográficos del autor en la solapa \ Obra participante del Premio Hispanoamericano de Cuento Gabriel García Márquez
650 1 7 _aAutores chilenos siglo xx
_2ARMARC
_92238
650 1 7 _aChile condiciones sociales cuentos
_2ARMARC
_92239
650 1 7 _aChile vida social y costumbres cuentos
_2ARMARC
_92240
650 1 7 _aCuentos chilenos siglo xx
_2ARMARC
_92241
650 1 7 _aLiteratura chilena siglo xx
_2ARMARC
_92242
942 _2ddc
_cBK
999 _c9600
_d9600